Normal view
MARC view
Entry Personal Name
001 - CONTROL NUMBER
- control field: 34610
003 - CONTROL NUMBER IDENTIFIER
- control field: ARRUPE
005 - DATE AND TIME OF LATEST TRANSACTION
- control field: 20170808105431.0
008 - FIXED-LENGTH DATA ELEMENTS
- fixed length control field: 170808|| aca||aabn | a|a d
040 ## - CATALOGING SOURCE
- Original cataloging agency: ARRUPE
- Transcribing agency: ARRUPE
100 ## - HEADING--PERSONAL NAME
- Personal name: Abbott, John S. C.
- Fuller form of name: (John Stevens Cabot),
- Dates associated with a name: 1805-1877.
670 ## - SOURCE DATA FOUND
- Source citation: Work cat.: (ARRUPE)0: Abbott, John S. C. (John Stevens Cabot), 1805-1877., The life of Napoleon Bonaparte,, 1909.